A vallási (in)tolerancia keresztény alapjairól újkortörténészi megfontolások /

Tolerance and intolerance were major subjects in the confessional age, as the most evident form of "otherness" that Europeans had to confront were the religious differences. The aim of the study is an overview – based on recent scholarship – of the religious/spiritual factors that can be i...

Teljes leírás

Elmentve itt :
Bibliográfiai részletek
Szerző: Balázs Péter
Dokumentumtípus: Cikk
Megjelent: University of Szeged, Magyar Medievisztikai Kutatócsoport Szeged 2020
Sorozat:Acta Universitatis Szegediensis : acta historica 145
Kulcsszavak:Vallástudomány, Vallástörténet
Tárgyszavak:
Online Access:http://acta.bibl.u-szeged.hu/71748
LEADER 01818nab a2200229 i 4500
001 acta71748
005 20230327134654.0
008 210202s2020 hu o 0|| hun d
022 |a 0324-6965 
040 |a SZTE Egyetemi Kiadványok Repozitórium  |b hun 
041 |a hun 
100 1 |a Balázs Péter 
245 1 2 |a A vallási (in)tolerancia keresztény alapjairól   |h [elektronikus dokumentum] :  |b újkortörténészi megfontolások /  |c  Balázs Péter 
260 |a University of Szeged, Magyar Medievisztikai Kutatócsoport  |b Szeged  |c 2020 
300 |a 3-21 
490 0 |a Acta Universitatis Szegediensis : acta historica  |v 145 
520 3 |a Tolerance and intolerance were major subjects in the confessional age, as the most evident form of "otherness" that Europeans had to confront were the religious differences. The aim of the study is an overview – based on recent scholarship – of the religious/spiritual factors that can be identified in the background of tolerant or intolerant behaviour in Early Modern and Modern Europe. Some scholars (mainly freethinkers) have argued that proneness to the persecution of heterodoxy and incapacity to peacefully coexist with other creeds is an inherent vice of Christianity. Others seem to be convinced that tolerance and humanity are essential qualities of the genuine Christian faith founded on the authority of the Scriptures. In my study, I argue, as other scholars did, that looking into the various political contexts is imperative if we want to avoid generalizations and hasty judgements. 
650 4 |a Bölcsészettudományok 
650 4 |a Történettudomány és régészet 
650 4 |a Filozófia, etika és vallástudományok 
695 |a Vallástudomány, Vallástörténet 
856 4 0 |u http://acta.bibl.u-szeged.hu/71748/1/historica_145_003-021.pdf  |z Dokumentum-elérés